| 000 | 00541nam a22001937a 4500 | ||
|---|---|---|---|
| 003 | OSt | ||
| 005 | 20140310182216.0 | ||
| 008 | 130907t xxu||||| |||| 00| 0 eng d | ||
| 050 |
_aBJ 1535 _b.L641 1975 |
||
| 082 |
_aHS 398.2 _bL56 1975 |
||
| 100 |
_aLessor, Richard _917102 |
||
| 245 |
_aFuzzies : _ba folk fable / _cRichard Lessor. |
||
| 260 |
_aIll. : _bArgus Communications, _cc1975. |
||
| 300 |
_a70 p. : _bill. : col. ; _c18 p. ; |
||
| 650 |
_aFolklore _96494 |
||
| 650 |
_aFables _xTitle. _917103 |
||
| 942 |
_2lcc _cHS |
||
| 999 |
_c10610 _d10610 |
||